[Event "Southcoast Autumn F"]
[Site "Greve"]
[Date "1999.10.23"]
[Round "3"]
[White "Orup, Kim"]
[Black "Jorgensen, Peter"]
[Result "1-0"]
[WhiteElo "1237"]
[BlackElo "1027"]
[PlyCount "45"]
[EventDate "1999.10.22"]
[EventType "tourn"]
[EventRounds "5"]
[EventCountry "DEN"]
[SourceTitle "EXT 2023"]
[Source "ChessBase"]
[SourceDate "2022.10.05"]
[SourceVersion "1"]
[SourceVersionDate "2022.10.05"]
[SourceQuality "1"]

1. e4 e5 2. Bc4 Nf6 3. Nc3 Bc5 4. d3 d6 5. Bg5 Bxf2+ 6. Kxf2 Ng4+ 7. Qxg4 f6 8. Be6 fxg5 9. Bxc8 0-0+ 10. Nf3 Qxc8 11. Qxc8 Rxc8 12. Nxg5 Rf8+ 13. Nf3 Nc6 14. Nd5 Rf7 15. c3 Raf8 16. Rhf1 Nd8 17. Kg1 Ne6 18. Nd2 c6 19. Rxf7 Rxf7 20. Ne3 Nf4 21. Rf1 a5 22. b3 b6 23. g3 1-0

[Event "Koge Bugt C"]
[Site "Solrod"]
[Date "1999.10.05"]
[Round "7"]
[White "Thomsen, Heinrich Kirch"]
[Black "Jorgensen, Peter"]
[Result "1-0"]
[WhiteElo "1330"]
[BlackElo "1228"]
[PlyCount "47"]
[EventDate "1999.08.24"]
[EventType "tourn"]
[EventRounds "7"]
[EventCountry "DEN"]
[SourceTitle "EXT 2023"]
[Source "ChessBase"]
[SourceDate "2022.10.05"]
[SourceVersion "1"]
[SourceVersionDate "2022.10.05"]
[SourceQuality "1"]

1. e4 e5 2. Nf3 Nc6 3. Bb5 Nf6 4. 0-0 Bc5 5. Nxe5 Nxe5 6. d4 Bd6 7. dxe5 Bxe5 8. f4 Bd6 9. e5 Bc5+ 10. Kh1 Ne4 11. Qf3 Nf2+ 12. Rxf2 Bxf2 13. Qxf2 c6 14. Bd3 d6 15. exd6 Qxd6 16. Be3 b6 17. Nc3 c5 18. Rd1 Qc7 19. Bb5+ Kf8 20. Nd5 Qd6 21. Qe2 a6 22. Nc3 Qf6 23. Bc4 Bb7 24. Rd7 1-0

[Event "Koge Bugt C"]
[Site "Solrod"]
[Date "1999.09.07"]
[Round "3"]
[White "Orup, Kim"]
[Black "Jorgensen, Peter"]
[Result "1-0"]
[WhiteElo "1237"]
[BlackElo "1228"]
[PlyCount "47"]
[EventDate "1999.08.24"]
[EventType "tourn"]
[EventRounds "7"]
[EventCountry "DEN"]
[SourceTitle "EXT 2023"]
[Source "ChessBase"]
[SourceDate "2022.10.05"]
[SourceVersion "1"]
[SourceVersionDate "2022.10.05"]
[SourceQuality "1"]

1. e4 c6 2. d4 d5 3. e5 Bf5 4. Bd3 Bxd3 5. Qxd3 Nd7 6. Nf3 e6 7. Bd2 Qb6 8. b3 c5 9. Be3 Rc8 10. 0-0 Ne7 11. Nbd2 Nf5 12. c4 cxd4 13. Bxd4 Nxd4 14. Qxd4 Bc5 15. Qf4 d4 16. Ng5 0-0 17. Nde4 Rcd8 18. Nxh7 Be7 19. Nxf8 Kxf8 20. Rad1 Nb8 21. Rd3 Nc6 22. Rf3 Ke8 23. Qxf7+ Kd7 24. Qxg7 1-0